000
00334nam a2200133Ia 4500
008
220928s9999 xx 000 0 und d
082
_b
TAT
100
_a
TATKE, JAYANT
245
0
_a
RESEARCH METHODOLOGY AND STATISTICAL QUANTITATIVE MATHODS
260
_b
SCDL, PUNE
_c
2013
300
_a
376
650
_a
Mathematics
942
_c
BK
999
_c
208523
_d
208523